000 00548nam a2200181Ia 4500
008 100920s9999 xx 000 0 und d
082 _b100140
_a--- न 07
100 _aआठल्ये अनिल.
245 _aऋणानुबंध.
260 _bमेघना प्रकाशन, पुणे.
_c2007
300 _a232
_bसाधी
365 _b230
520 _aकादंबरी.
630 _aऋणानुबंध.
650 _aकादंबरी.
730 _aऋणानुबंध.
942 _cBOOK
999 _c740578
_d740575